Физико-химическое состояние поверхностных слоев и эксплуатационные свойства сплава ВТ18У, подвергнутого воздействию мощного ионного пучка; Физика и химия обработки материалов; № 5

Dades bibliogràfiques
Parent link:Физика и химия обработки материалов/ Российская академия наук (РАН), Институт металлургии и материаловедения им. А. А. Байкова (ИМЕТ).— , 1968-
№ 5.— 1991.— С. 14-23
Altres autors: Диденко А. Н. Андрей Николаевич, Шулов В. А., Ремнев Г. Е. Геннадий Ефимович, Стрыгин А. Э., Погребняк А. Д., Ночовная Н. А., Ягодкин Ю. Д.
Idioma:rus
Publicat: 1991
Matèries:
Format: MixedMaterials Capítol de llibre
KOHA link:https://koha.lib.tpu.ru/cgi-bin/koha/opac-detail.pl?biblionumber=547194

MARC

LEADER 00000naa2a2200000 4500
001 547194
005 20231101120043.0
035 |a (RuTPU)RU\TPU\prd\239402 
035 |a RU\TPU\prd\239401 
090 |a 547194 
100 |a 20150626a1991 k y0rusy50 ca 
101 0 |a rus 
102 |a RU 
200 1 |a Физико-химическое состояние поверхностных слоев и эксплуатационные свойства сплава ВТ18У, подвергнутого воздействию мощного ионного пучка  |f А. Н. Диденко [и др.] 
320 |a Библиогр.: с. 22-23 (14 назв.) 
461 0 |0 (RuTPU)RU\TPU\prd\404  |t Физика и химия обработки материалов  |f Российская академия наук (РАН), Институт металлургии и материаловедения им. А. А. Байкова (ИМЕТ)  |d 1968- 
463 1 |0 (RuTPU)RU\TPU\prd\94296  |t № 5  |v С. 14-23  |d 1991 
610 1 |a труды учёных ТПУ 
701 1 |a Диденко  |b А. Н.  |c физик  |c профессор Томского политехнического университета (до 1987 г.)  |c с 1988 г. заведующий кафедрой Московского инженерно-физического института  |c советник Российской академии наук  |f 1932-  |g Андрей Николаевич  |2 stltpush  |3 (RuTPU)RU\TPU\pers\19779 
701 1 |a Шулов  |b В. А. 
701 1 |a Ремнев  |b Г. Е.  |c физик  |c профессор Томского политехнического университета, доктор технических наук  |f 1948-  |g Геннадий Ефимович  |2 stltpush  |3 (RuTPU)RU\TPU\pers\22004 
701 1 |a Стрыгин  |b А. Э. 
701 1 |a Погребняк  |b А. Д. 
701 1 |a Ночовная  |b Н. А. 
701 1 |a Ягодкин  |b Ю. Д. 
801 1 |a RU  |b 63413507  |c 20120913 
801 2 |a RU  |b 63413507  |c 20150626  |g RCR 
942 |c BK